000 00648nam a22001817a 4500
003 UA-OsUOA
001 18052
007 ta
008 20040418b un ||||| |||| 00| 0 ukr d
100 _aДмитрук Г.
942 _cSA
040 _aUA-OsUOA
_cUA-OsUOA
_dUA-OsUOA
245 _aЙ про цвіт калини, і велику родину
_b[Творчий звіт культпрацівників БК с. Жовтневого Радивилів. р-ну]
300 _aС.5
955 _a0
773 0 _w0
_tПрапор перемоги
_dРадивилів
_d2004
_g№22/16 берез./
650 7 _aКраєзнавча робота
_2UDC
999 _c304222
_d304222